Communes littorales du Nord (59) - Statistiques

Statistiques générales
  • Ce quiz a été pris 50 fois
  • Le résultat moyen est 5 sur 9
Statistiques - réponses
Réponse % Correct
Dunkerque
100%
Bray-Dunes
73%
Gravelines
64%
Grande-Synthe
56%
Leffrinckoucke
49%
Zuydcoote
49%
Grand-Fort-Philippe
36%
Loon-Plage
33%
Ghyvelde
16%
Aucun quiz correspondant
Distribution des résultats
% des personnes avec chaque résultat
Percentile par nombre de réponses
Votre historique - résultats
Vous n’avez pas pris ce quiz